000
00290nam a22001337a 4500
008
181011b xxu||||| |||| 00| 0 eng d
020
_a
9789989986048
041
_a
eng
080
_a
940
100
_a
16
101
_a
SHH
245
_a
Variacione Historike
_c
Demiri,S
942
_2
udc
_c
BK
999
_c
49368
_d
49368